| 000 | 00598nam a2200193 a 4500 | ||
|---|---|---|---|
| 001 | BRCA_640 | ||
| 005 | 20190320203106.0 | ||
| 008 | 830425s1983 txua---##c---#000-0#eng-# | ||
| 020 | _a0960962239 | ||
| 040 |
_aDLC _cDLC _dDLC |
||
| 050 | 4 |
_aN558 _b.A54 1983 |
|
| 100 | 1 |
_aBromberg, Anne R. _92145 |
|
| 245 | 1 | 0 |
_aDallas Museum of Art _bSelected Works _cby Anne R. Bromberg. |
| 260 |
_aDallas, Texas _bThe Museum of Art _c1983 |
||
| 300 |
_a219 p. _bil. a color _c28 cm. |
||
| 610 | 2 | 4 |
_aDallas Museum of Art (Texas) _vCatálogos _92146 |
| 650 | 1 | 4 |
_aArte _vCatálogos _zDallas - Texas _92147 |
| 942 |
_2lcc _cB |
||
| 999 |
_c556 _d556 |
||